000 00361nam a2200145Ia 4500
008 240624s9999 xx 000 0 und d
041 _aeng
082 _a300.72 PUN
100 _aPUNCH KEITH F
245 _aDEVELOPING EFFECTIVE RESEARCH PROPOSALS
250 _a(3rd ed.)
260 _c2016
_aNew Delhi
_bsage
300 _a186 p.; 26 cm.
365 _cBPS
_b32
999 _c29894
_d29894